[Event "FRA-ch U18 Girls"]
[Site "Troyes"]
[Date "2010.04.14"]
[Round "5"]
[White "Auffret, Gaelle"]
[Black "Lefevre, Margaux"]
[Result "0-1"]
[WhiteElo "1669"]
[BlackElo "2036"]
[PlyCount "64"]
[EventDate "2010.04.11"]
[EventType "swiss"]
[EventRounds "9"]
[EventCountry "FRA"]
[SourceTitle "EXT 2012"]
[Source "ChessBase"]
[SourceDate "2011.11.24"]
[SourceVersion "1"]
[SourceVersionDate "2011.11.24"]
[SourceQuality "1"]

1. d4 Nf6 2. c4 c5 3. d5 b5 4. cxb5 a6 5. b6 Qxb6 6. Nc3 g6 7. e4 d6 8. Nf3 Bg4 9. Qa4+ Bd7 10. Qc2 Bg7 11. Be2 0-0 12. Nd2 Qb7 13. Nc4 a5 14. 0-0 Na6 15. a3 Nc7 16. Re1 Rfb8 17. Be3 a4 18. Rad1 Nb5 19. Rb1 Nd4 20. Qd2 Ne8 21. Bf1 Qb3 22. Rec1 Qb7 23. Ne2 Nb3 24. Qc2 Nxc1 25. Qxc1 Bb5 26. Nc3 Ba6 27. Na5 Qc7 28. Nc6 Rb3 29. Qc2 Bxf1 30. Nxa4 Bb5 31. Nxc5 dxc5 32. Bxc5 Bxc6 0-1

[Event "FRA-ch U16 Girls"]
[Site "Aix les Bains"]
[Date "2009.04.23"]
[Round "6"]
[White "Auffret, Gaelle"]
[Black "Llacer, Cassandra"]
[Result "1/2-1/2"]
[WhiteElo "1667"]
[BlackElo "1910"]
[PlyCount "57"]
[EventDate "2009.04.19"]
[EventType "swiss"]
[EventRounds "9"]
[EventCountry "FRA"]
[SourceTitle "CBM 130 Extra"]
[Source "ChessBase"]
[SourceDate "2009.07.02"]
[SourceVersion "2"]
[SourceVersionDate "2009.07.15"]
[SourceQuality "1"]

1. d4 d5 2. Nf3 Nc6 3. e3 Nf6 4. Bb5 a6 5. Bxc6+ bxc6 6. c4 e6 7. c5 Bb7 8. Qa4 Nd7 9. b4 g6 10. Nbd2 Bg7 11. Bb2 0-0 12. 0-0 f6 13. Nb3 Nb8 14. Na5 Bc8 15. Rab1 Bd7 16. Rfd1 Qe7 17. Rd2 e5 18. Rbd1 e4 19. Ne1 f5 20. Qb3 f4 21. Re2 f3 22. Red2 Qg5 23. Kh1 Bg4 24. Rc1 fxg2+ 25. Kg1 Bh3 26. Qd1 Qxe3 27. Rc3 Qh6 28. Rg3 e3 29. Re2 1/2-1/2

[Event "FRA-chT Top 12 (Women)"]
[Site "Vandoeuvre"]
[Date "2008.05.16"]
[Round "1"]
[White "Bonvalot, Isabelle"]
[Black "Auffret, Gaelle"]
[Result "1-0"]
[WhiteElo "1923"]
[BlackElo "1690"]
[PlyCount "71"]
[EventDate "2008.05.16"]
[EventType "team"]
[EventRounds "5"]
[EventCountry "FRA"]
[SourceTitle "CBM 124 Extra"]
[Source "ChessBase"]
[SourceDate "2008.07.03"]
[SourceVersion "1"]
[SourceVersionDate "2008.07.03"]
[SourceQuality "1"]
[WhiteTeam "Clichy (W)"]
[BlackTeam "Rennes (W)"]
[WhiteTeamCountry "FRA"]
[BlackTeamCountry "FRA"]

1. e4 e6 2. d4 d5 3. exd5 exd5 4. Bd3 Nf6 5. Bg5 Be7 6. Nc3 h6 7. Bh4 0-0 8. Qf3 Bg4 9. Qe3 Re8 10. Nge2 Nbd7 11. 0-0 Bd6 12. Qc1 Nb6 13. f3 Be6 14. Nb5 Be7 15. Bg3 Bd6 16. Nxd6 cxd6 17. Bh4 Rc8 18. Nf4 g5 19. Nxe6 fxe6 20. Bg3 e5 21. Bg6 Re7 22. h4 gxh4 23. Bxh4 Kg7 24. Bf5 Nbd7 25. Qe1 Qh8 26. Bxd7 Rxd7 27. dxe5 dxe5 28. Qxe5 Qf8 29. Rf2 Rc4 30. f4 Rc6 31. Re1 Kf7 32. Qf5 Qc8 33. c3 Rb6 34. Bxf6 Rxf6 35. Qh7+ Kf8 36. Qh8+ 1-0

[Event "FRA-ch U14 Girls"]
[Site "Le Grand Bornand"]
[Date "2007.04.??"]
[Round "8"]
[White "Auffret, Gaelle"]
[Black "Le Bail, Arielle"]
[Result "0-1"]
[WhiteElo "1620"]
[BlackElo "1855"]
[PlyCount "72"]
[EventDate "2007.04.07"]
[EventType "swiss"]
[EventRounds "9"]
[EventCountry "FRA"]
[SourceTitle "CBM 118 Extra"]
[Source "ChessBase"]
[SourceDate "2007.07.04"]
[SourceVersion "1"]
[SourceVersionDate "2007.07.04"]
[SourceQuality "1"]

1. d4 d5 2. c4 c6 3. Nf3 Nf6 4. Nc3 dxc4 5. a4 Bf5 6. Bg5 Nbd7 7. e3 h6 8. Bh4 Bh7 9. Bxc4 e6 10. 0-0 Bb4 11. Qe2 0-0 12. Ne5 Qa5 13. Rfc1 Nxe5 14. dxe5 Qxe5 15. Bg3 Qa5 16. Qf3 Bxc3 17. Rxc3 Ne4 18. Rcc1 Rad8 19. Rd1 Qb4 20. Bd3 Nxg3 21. Bxh7+ Kxh7 22. hxg3 Kg8 23. Qe2 Qb6 24. Qc2 Rxd1+ 25. Rxd1 Rd8 26. Rxd8+ Qxd8 27. Qb3 b6 28. Qc4 Qd1+ 29. Kh2 Qd5 30. Qa6 Qd7 31. g4 Kf8 32. Kg3 Ke7 33. Kf4 Kf6 34. f3 Qd6+ 35. Ke4 e5 36. Qc8 Qd5# 0-1

[Event "Bretagne-ch U14/16 Girls"]
[Site "Ploermel"]
[Date "2007.02.15"]
[Round "4"]
[White "Peyre, Camille"]
[Black "Auffret, Gaelle"]
[Result "1/2-1/2"]
[WhiteElo "1807"]
[BlackElo "1620"]
[PlyCount "129"]
[EventDate "2007.02.13"]
[EventType "tourn"]
[EventRounds "6"]
[EventCountry "FRA"]
[SourceTitle "EXT 2008"]
[Source "ChessBase"]
[SourceDate "2007.11.25"]
[SourceVersion "1"]
[SourceVersionDate "2007.11.25"]
[SourceQuality "1"]

1. d4 e6 2. c4 f5 3. g3 b6 4. Bg2 Nc6 5. Nf3 Nf6 6. Nc3 Bb7 7. 0-0 Bb4 8. Bd2 Rc8 9. a3 Bxc3 10. Bxc3 Na5 11. Bxa5 bxa5 12. b4 c6 13. Qa4 Ba6 14. Rfc1 0-0 15. Ne5 Qb6 16. e3 Rc7 17. Bf1 Rb8 18. c5 Qb7 19. Bxa6 Qxa6 20. Nc4 Nd5 21. Qxa5 Qc8 22. Nd6 Qd8 23. Qa6 Nf6 24. Qc4 Ne4 25. Nxf5 Nd2 26. Qc2 Nf3+ 27. Kg2 Qf6 28. Kxf3 Qxf5+ 29. Kg2 Rf8 30. Qe2 Rcc8 31. f4 Rf6 32. Qf3 Rh6 33. g4 Qf7 34. h3 Rf8 35. a4 g5 36. Rf1 Rf6 37. Kg3 gxf4+ 38. exf4 Qg7 39. Qe3 h5 40. Qe5 hxg4 41. hxg4 Qg6 42. Qe3 R8f7 43. b5 Rg7 44. Qf3 Rgf7 45. Qe3 Rg7 46. Qf3 Rgf7 47. b6 axb6 48. cxb6 Rxf4 49. Qxf4 Rxf4 50. Kxf4 Qf6+ 51. Ke4 Qg6+ 52. Ke5 Qg7+ 53. Kd6 Qxd4+ 54. Kc7 d5 55. b7 Qa7 56. Kxc6 Qa6+ 57. Kc7 Qa5+ 58. Kc8 Qc5+ 59. Kb8 Qd6+ 60. Ka8 Qa6+ 61. Kb8 Qd6+ 62. Kc8 Qc6+ 63. Kb8 Qd6+ 64. Ka7 Qc5+ 65. Kb8 1/2-1/2

[Event "Bretagne-ch U14/16 Girls"]
[Site "Ploermel"]
[Date "2007.02.14"]
[Round "2"]
[White "Gicquel, Maelig"]
[Black "Auffret, Gaelle"]
[Result "0-1"]
[WhiteElo "1390"]
[BlackElo "1620"]
[PlyCount "56"]
[EventDate "2007.02.13"]
[EventType "tourn"]
[EventRounds "6"]
[EventCountry "FRA"]
[SourceTitle "EXT 2008"]
[Source "ChessBase"]
[SourceDate "2007.11.25"]
[SourceVersion "1"]
[SourceVersionDate "2007.11.25"]
[SourceQuality "1"]

1. e4 e6 2. Nf3 d5 3. exd5 exd5 4. d4 c5 5. Bf4 Nc6 6. Bb5 Nf6 7. 0-0 Qb6 8. a4 a6 9. Bxc6+ bxc6 10. b3 g6 11. Re1+ Be6 12. Ng5 Kd7 13. Nxe6 fxe6 14. Qe2 Re8 15. Qe5 Qd8 16. dxc5 Bxc5 17. c4 Rhf8 18. Bg5 Ng4 19. Qg7+ Be7 20. f3 Qb6+ 21. Kh1 Nf2+ 22. Kg1 Nh3+ 23. Kh1 Nxg5 24. Qe5 Bf6 25. Qf4 Bxa1 26. Qxg5 Rf5 27. Qh6 Rh5 28. Qg7+ Bxg7 0-1

[Event "Bretagne-ch U14"]
[Site "Sarzeau"]
[Date "2006.02.24"]
[Round "6"]
[White "Auffret, Gaelle"]
[Black "Agasse Lafont, Thomas"]
[Result "1/2-1/2"]
[WhiteElo "1390"]
[BlackElo "1620"]
[PlyCount "99"]
[EventDate "2006.02.21"]
[EventType "swiss"]
[EventRounds "6"]
[EventCountry "FRA"]
[SourceTitle "EXT 2007"]
[Source "ChessBase"]
[SourceDate "2006.11.23"]
[SourceVersion "1"]
[SourceVersionDate "2006.11.23"]
[SourceQuality "1"]

1. d4 c6 2. c4 d5 3. Nc3 Bf5 4. e3 e6 5. Nf3 Bb4 6. cxd5 exd5 7. Bd2 Nf6 8. Be2 0-0 9. 0-0 Qc7 10. a3 Bxc3 11. Bxc3 Be4 12. h3 Nbd7 13. Bd3 Bxd3 14. Qxd3 Ne4 15. Nd2 Ndf6 16. Nxe4 Nxe4 17. f3 Ng3 18. Rfe1 Rfe8 19. e4 dxe4 20. fxe4 Nh5 21. d5 cxd5 22. Qxd5 Nf4 23. Qg5 f6 24. Bxf6 Qb6+ 25. Kh1 Qxf6 26. Qxf6 gxf6 27. Rad1 Rad8 28. Rxd8 Rxd8 29. Rf1 Nd3 30. b4 Kg7 31. Rf5 Re8 32. Rd5 Nf4 33. Rd7+ Kg6 34. Rxb7 Rxe4 35. Rxa7 Nd5 36. b5 Re3 37. a4 Rb3 38. Rb7 Nc3 39. a5 Rxb5 40. Rxb5 Nxb5 41. a6 Kg5 42. g3 f5 43. Kg2 f4 44. gxf4+ Kxf4 45. Kf2 Kg5 46. Kg3 Kh5 47. h4 h6 48. Kh3 Na7 49. Kg3 Nc6 50. Kh3 1/2-1/2

[Event "FRA-ch U12 Girls"]
[Site "Calvi"]
[Date "2005.04.20"]
[Round "5"]
[White "Bellotti, Charlotte"]
[Black "Auffret, Gaelle"]
[Result "1-0"]
[WhiteElo "1580"]
[BlackElo "1490"]
[PlyCount "77"]
[EventDate "2005.04.??"]
[EventType "swiss"]
[EventRounds "9"]
[EventCountry "FRA"]
[SourceTitle "EXT 2006"]
[Source "ChessBase"]
[SourceDate "2005.11.24"]
[SourceVersion "1"]
[SourceVersionDate "2005.11.24"]
[SourceQuality "1"]

1. e4 e6 2. d4 d5 3. Nc3 Bb4 4. exd5 exd5 5. Bd2 c5 6. a3 Bxc3 7. Bxc3 Nc6 8. Nf3 Nf6 9. Bb5 0-0 10. Bxc6 bxc6 11. 0-0 Re8 12. dxc5 Ba6 13. Re1 Rxe1+ 14. Qxe1 Ne4 15. Bd4 Rb8 16. Ne5 Qc7 17. Qd1 Rb5 18. Qg4 Nf6 19. Qf3 Ne4 20. h3 Nxc5 21. Ng4 Qb7 22. b3 Ne4 23. a4 Ra5 24. Qe3 Qb4 25. f3 Nd6 26. Bc3 Qc5 27. Bxa5 Qxa5 28. Qxa7 Nc8 29. Qe3 Qd8 30. Re1 Nd6 31. a5 h5 32. Ne5 Nf5 33. Nxc6 Nxe3 34. Nxd8 Nxc2 35. Rd1 d4 36. Nc6 d3 37. Ne5 Ne3 38. Rxd3 Bxd3 39. Nxd3 1-0

[Event "FRA-chT4 0405"]
[Site "Bretagne"]
[Date "2005.03.13"]
[Round "6"]
[White "Le Dref, Maurice"]
[Black "Auffret, Gaelle"]
[Result "1-0"]
[WhiteElo "1740"]
[BlackElo "1490"]
[PlyCount "59"]
[EventDate "2004.04.03"]
[EventType "team"]
[EventRounds "7"]
[EventCountry "FRA"]
[SourceTitle "EXT 2007"]
[Source "ChessBase"]
[SourceDate "2006.11.23"]
[SourceVersion "1"]
[SourceVersionDate "2006.11.23"]
[SourceQuality "1"]

1. e4 e6 2. d4 d5 3. Nc3 Bb4 4. Bd2 c5 5. dxc5 Bxc5 6. Qg4 Nf6 7. Qxg7 Rg8 8. Qh6 Nc6 9. 0-0-0 Rg6 10. Qh3 Bxf2 11. Qf3 Qb6 12. Nh3 Bd4 13. Bb5 Bd7 14. exd5 Ne5 15. Bxd7+ Kxd7 16. dxe6+ Qxe6 17. Qxb7+ Kd6 18. Qxa8 Rg8 19. Qb7 Rc8 20. Nb5+ Kc5 21. Nxd4 Kxd4 22. Bc3+ Kc5 23. Bxe5 Nd5 24. Rxd5+ Qxd5 25. Qxc8+ Kb5 26. Qb8+ Ka6 27. Rd1 Qxa2 28. Qd6+ Kb5 29. Rd5+ Ka4 30. Qa6+ 1-0

[Event "France-ch U12 Girls"]
[Site "Reims"]
[Date "2004.04.24"]
[Round "8"]
[White "Muller, Marion"]
[Black "Auffret, Gaelle"]
[Result "0-1"]
[WhiteElo "1560"]
[BlackElo "1420"]
[PlyCount "96"]
[EventDate "2004.04.??"]
[EventType "swiss"]
[EventRounds "9"]
[EventCountry "FRA"]
[SourceTitle "EXT 2005"]
[Source "ChessBase"]
[SourceDate "2004.11.15"]
[SourceVersion "1"]
[SourceVersionDate "2004.11.15"]
[SourceQuality "1"]

1. e4 d6 2. d4 Nf6 3. Nc3 c6 4. Bc4 b5 5. Bd3 Nbd7 6. a3 e5 7. Nf3 Be7 8. 0-0 0-0 9. h3 Bb7 10. Be3 Qc7 11. a4 a6 12. Qb1 d5 13. exd5 cxd5 14. dxe5 Nxe5 15. Nxe5 Qxe5 16. Ne2 Bd6 17. Bf4 Qe6 18. Bxd6 Qxd6 19. axb5 axb5 20. Bxb5 Rxa1 21. Qxa1 Ra8 22. Qd1 Qb4 23. Bd3 Qxb2 24. Qb1 Qxb1 25. Rxb1 Bc6 26. Rb6 Bd7 27. Nf4 Kf8 28. Kf1 d4 29. Rd6 Ra4 30. Ne2 Ra1+ 31. Nc1 Rxc1+ 32. Ke2 Rb1 33. Rxd4 Bb5 34. Bxb5 Rxb5 35. c4 Rc5 36. Kd3 Ke7 37. f4 Nd7 38. Re4+ Kf6 39. Kd4 Rc7 40. g4 Nb6 41. c5 Nd7 42. g5+ Kf5 43. Re7 Nxc5 44. Re5+ Kxf4 45. Rxc5 Rxc5 46. Kxc5 Kxg5 47. Kd4 Kh4 48. Ke4 Kxh3 0-1

[Event "FRA-ch U10 Girls"]
[Site "Le Grand Bornand"]
[Date "2003.??.??"]
[Round "2.3"]
[White "Mencacci, Tiphanie"]
[Black "Auffret, Gaelle"]
[Result "1-0"]
[WhiteElo "1320"]
[BlackElo "1480"]
[PlyCount "35"]
[EventDate "2003.??.??"]
[EventType "swiss"]
[EventRounds "9"]
[EventCountry "FRA"]
[SourceTitle "EXT 2004"]
[Source "ChessBase"]
[SourceDate "2003.11.25"]
[SourceVersion "1"]
[SourceVersionDate "2003.11.25"]
[SourceQuality "1"]

1. d4 d5 2. c4 e6 3. Nc3 c5 4. Nf3 Bd6 5. Bg5 Nf6 6. e3 0-0 7. Bd3 Nbd7 8. 0-0 Qe8 9. cxd5 exd5 10. Bf5 Ne4 11. Nxe4 dxe4 12. Bxd7 Bxd7 13. Nd2 f5 14. dxc5 Bc7 15. Qb3+ Kh8 16. Qxb7 Qe5 17. Bf4 Rab8 18. Qxa7 1-0

[Event "FRA-chT4 0001"]
[Site "Bretagne"]
[Date "2001.02.04"]
[Round "5"]
[White "Conner, Michel"]
[Black "Auffret, Gaelle"]
[Result "1-0"]
[WhiteElo "1800"]
[BlackElo "1499"]
[PlyCount "43"]
[EventDate "2000.10.??"]
[EventType "team"]
[EventRounds "7"]
[EventCountry "FRA"]
[SourceTitle "EXT 2005"]
[Source "ChessBase"]
[SourceDate "2004.11.15"]
[SourceVersion "1"]
[SourceVersionDate "2004.11.15"]
[SourceQuality "1"]

1. d4 d5 2. c4 c6 3. Nf3 dxc4 4. e4 f6 5. Bxc4 Bg4 6. Qb3 Qb6 7. Bf7+ Kd8 8. Bxg8 Qxb3 9. Bxb3 e6 10. Nc3 Bb4 11. Bd2 Re8 12. 0-0-0 Nd7 13. g3 Ba5 14. Rhe1 Rc8 15. Na4 b6 16. Bxa5 bxa5 17. Nc5 Rb8 18. Ba4 Nxc5 19. dxc5+ Kc7 20. Rd6 Rec8 21. Red1 e5 22. h3 1-0